Normal view
MARC view
- Andiroid-Electronic resource
Entry Topical Term
001 - CONTROL NUMBER
- control field: 6447
003 - CONTROL NUMBER IDENTIFIER
- control field: JO-AjAnu
005 - DATE AND TIME OF LATEST TRANSACTION
- control field: 20230606071338.0
008 - FIXED-LENGTH DATA ELEMENTS
- fixed length control field: 230606|| aca||aabn | a|a d
040 ## - CATALOGING SOURCE
- Original cataloging agency: JO-AjAnu
- Transcribing agency: JO-AjAnu
150 ## - HEADING--TOPICAL TERM
- Topical term or geographic name entry element: Andiroid-Electronic resource
670 ## - SOURCE DATA FOUND
- Source citation: Work cat.: (JO-AjAnu)3340: Griffiths,Dawn, David Griffiths , author 6446, Head first Android Development: A Learner,s Guide to Building Android Apps with Kotlion